Evidence-based Practice in Nursing (Record no. 4583)

MARC details
000 -LEADER
fixed length control field 00434nam a22001697a 4500
008 - FIXED-LENGTH DATA ELEMENTS--GENERAL INFORMATION
fixed length control field 260304b |||||||| |||| 00| 0 eng d
020 ## - INTERNATIONAL STANDARD BOOK NUMBER
ISBN 9781526459329
100 ## - MAIN ENTRY--AUTHOR
Author Ellis, Peter
245 ## - TITLE STATEMENT
Title Evidence-based Practice in Nursing
250 ## - EDITION STATEMENT
Edition statement 4th
260 ## - PUBLICATION, DISTRIBUTION, ETC. (IMPRINT)
Place of publication London
Name of publisher Sage Publication Inc
Date of publication 2019
300 ## - COLLATION
Pagination x, 194p.
650 ## - TRACINGS
Main Subject Nursing- Resaerch Methodology
942 ## - ADDED ENTRY ELEMENTS (KOHA)
Item type Books
050 ## - LIBRARY OF CONGRESS CALL NUMBER
Classification number RT81.5
Item number E45
Holdings
Source of classification or shelving scheme Not for loan Permanent location Current location Date acquired Accession No. Full call number Barcode. Copy number Koha item type
Library of Congress Classification   Samuel Ogbemudia Main Library, University of Abuja Samuel Ogbemudia Main Library, University of Abuja 03/04/2026 2024/64211 RT81.5 .E45 2026-0069 1 Books